The image of Tiszakécske járás

Bibliográfiai részletek
Szerző: Kurucz Anna
További közreműködők: Remenyik Dr. habil. Bulcsú
Dokumentumtípus: Diplomadolgozat
Kulcsszavak:Tiszakécske
járás
Magyarország
Tisza-parti Termálfürdő
Családi vállalkozások
Ökoturismus
Gyógyturizmus
Online Access:http://dolgozattar.uni-bge.hu/23060

MARC

LEADER 00000nta a2200000 i 4500
001 dolg23060
005 20200228110121.0
008 191120suuuu hu om 000 eng d
040 |a BGE Dolgozattár Repozitórium  |b hun 
041 |a en 
100 1 |a Kurucz Anna 
245 1 4 |a The image of Tiszakécske járás  |c Kurucz Anna  |h [elektronikus dokumentum] 
246 1 1 |a Tiszakécske járás imázsa 
246 1 1 |a The image of Tiszakécske járás 
695 |a Tiszakécske 
695 |a járás 
695 |a Magyarország 
695 |a Tisza-parti Termálfürdő 
695 |a Családi vállalkozások 
695 |a Ökoturismus 
695 |a Gyógyturizmus 
700 1 |a Remenyik Dr. habil. Bulcsú  |e ths 
856 4 0 |u http://dolgozattar.uni-bge.hu/23060/1/Anna_Kurucz_DXVRGO_TV.pdf  |z Dokumentum-elérés